Online Catalogue and eLibrary

Feminist engagements with violence : (Record no. 2464)

MARC details
000 -LEADER
fixed length control field 00509nam a2200181Ia 4500
005 - DATE AND TIME OF LATEST TRANSACTION
control field 20240604071319.0
008 - FIXED-LENGTH DATA ELEMENTS--GENERAL INFORMATION
fixed length control field 240331s9999 xx 000 0 und d
020 ## - INTERNATIONAL STANDARD BOOK NUMBER
ISBN 9789555801157
082 ## - DDC Classification
Item Number - Author Mark PER
Class No. 362
100 ## - MAIN ENTRY--PERSONAL NAME
Personal name Perera-Rajasingha,N.P
245 #0 - TITLE STATEMENT
Title Feminist engagements with violence :
Remainder of title contingent moments from Sri Lanka
260 ## - PUBLICATION, DISTRIBUTION, ETC.
Place of publication, distribution, etc. Colombo
Name of publisher, distributor, etc. International Centre for Ethnic Studies
Date of publication, distribution, etc. 2007
300 ## - PHYSICAL DESCRIPTION
Extent (e.g. Volumes, Pages etc.) 208, p .,
650 ## - SUBJECT ADDED ENTRY--TOPICAL TERM
Topical term or geographic name entry element Feminist
650 ## - SUBJECT ADDED ENTRY--TOPICAL TERM
Topical term or geographic name entry element Human Rights
650 ## - SUBJECT ADDED ENTRY--TOPICAL TERM
Topical term or geographic name entry element Gender
942 ## - Koha item type (Biblio)
Koha item type Books in Stacks (Lending)
Holdings
Lost status Damaged status Collection code Home library Current library Shelving location Date acquired Full call number Accession Number Item type
    Lending WERC Library WERC Library Social Science Cupboard 03/31/2024 362 PER 6265 Books in Stacks (Lending)

© WERC Library